| 000 -GUIDE |
| Champ de contrôle de longueur fixe |
00999caa a22002177a 4500 |
| 003 - IDENTITÉ DU NUMÉRO DE CONTRÔLE |
| Champ de contrôle |
BI-BuBU |
| 008 - ÉLÉMENTS DE LONGUEUR FIXE - RENSEIGNEMENTS GÉNÉRAUX |
| Champ de contrôle de longueur fixe |
140314s2005 bd ||||| |||| 00| 0 eng d |
| 039 ## - NIVEAU DE CONTRÔLE BIBLIOGRAPHIQUE ET HISTORIQUE D'ENCODAGE [OBSOLETE] |
| Date creation |
20140318102251.0 |
| Nom catalographe |
Verhasselt |
| 040 ## - SOURCE DU CATALOGAGE |
| Organisme qui a effectué le catalogage original |
BI-BuBU |
| Code de la langue utilisée dans le catalogage |
fre |
| Organisme qui a effectué la transcription |
BI-BuBU |
| 080 0# - INDICE DE LA CLASSIFICATION DÉCIMALE UNIVERSELLE (CDU) |
| Indice de la Classification décimale universelle |
372.880.20 |
| 100 1# - VEDETTE PRINCIPALE - NOM DE PERSONNE |
| Code de relation |
aut |
| Nom de personne |
Ndayisenga, Aura |
| 245 10 - MENTION DU TITRE |
| Titre |
Appraisal of vocabulary teaching in some private primary schools of Bujumbura : the case of the 3 th year pupils |
| Mention de responsabilité, etc. |
Aura Ndayisenga |
| 260 ## - PUBLICATION, DIFFUSION, ETC. (ADRESSE BIBLIOGRAPHIQUE) |
| Lieu de publication, diffusion, etc. |
Bujumbura |
| Nom de l'éditeur, diffuseur, etc. |
University of Burundi, Faculty of Burundi, Faculty of Arts and Social sciences |
| Date of publication, distribution, etc |
2005 |
| 300 ## - DESCRIPTION MATÉRIELLE |
| Collation |
90 f. |
| Dimensions |
30 cm. |
| 502 ## - NOTE DE THÈSE OU MÉMOIRE |
| Note de thèse |
A Dissertation submitted in partial fulfilment of the reqirement for the Award of the Degree "Licence en langue et littérature Anglaises" |
| 650 #7 - VEDETTE-MATIÈRE - NOM COMMUN |
| Vedette de sujet ou vedette comportant un nom géographique |
Anglais (langue). Vocabulaire enseignement. 5ème primaire. Bujumbura |
| 650 #7 - VEDETTE-MATIÈRE - NOM COMMUN |
| Vedette de sujet ou vedette comportant un nom géographique |
CUD. DataWinIsis. Verhasselt |
| 942 ## - ÉLÉMENTS D'ENTRÉE ADDITIONNELLE (KOHA) |
| Type d item koha |
BOOK |